Loading...
Science - Other Science | 2 | 6 | 0 | 2 | 90 | 50 | 91.50 | 2 | 8 |
History - World History | 0 | 6 | 0 | 1 | 60 | 92 | 105.17 | 5 | 6 |
Literature - World Literature | 1 | 4 | 0 | 0 | 55 | 75 | 116.00 | 1 | 5 |
Science - Chemistry | 0 | 5 | 0 | 2 | 50 | 113 | 120.80 | 3 | 5 |
Social Science | 0 | 5 | 1 | 1 | 45 | 97 | 114.40 | 1 | 5 |
Visual Arts | 0 | 5 | 1 | 1 | 45 | 115 | 125.20 | 0 | 5 |
Literature - European Literature | 0 | 4 | 0 | 1 | 40 | 90 | 102.00 | 0 | 4 |
Geography | 1 | 2 | 0 | 0 | 35 | 66 | 81.67 | 2 | 3 |
Beliefs | 1 | 2 | 0 | 1 | 35 | 77 | 112.67 | 3 | 3 |
Science - Physics | 0 | 4 | 2 | 0 | 30 | 78 | 99.25 | 1 | 4 |
History - American History | 0 | 3 | 1 | 1 | 25 | 86 | 99.33 | 1 | 3 |
Science - Biology | 0 | 3 | 1 | 0 | 25 | 116 | 121.00 | 0 | 3 |
Literature - British Literature | 0 | 3 | 2 | 0 | 20 | 106 | 115.33 | 0 | 3 |
Fine Arts - Other Arts | 0 | 2 | 0 | 1 | 20 | 89 | 114.00 | 1 | 2 |
History - European History | 0 | 2 | 1 | 1 | 15 | 74 | 109.50 | 1 | 2 |
Auditory Arts | 0 | 2 | 1 | 0 | 15 | 94 | 112.50 | 0 | 2 |
History - Other History | 1 | 0 | 1 | 0 | 10 | 66 | 66.00 | 1 | 1 |
Current Events | 0 | 1 | 0 | 0 | 10 | 124 | 124.00 | 0 | 1 |
Philosophy | 0 | 1 | 0 | 0 | 10 | 88 | 88.00 | 1 | 1 |
Other Academic | 0 | 1 | 0 | 0 | 10 | 94 | 94.00 | 0 | 1 |
History - Ancient History | 0 | 1 | 0 | 1 | 10 | 138 | 138.00 | 1 | 1 |
Literature - American Literature | 0 | 1 | 1 | 0 | 5 | 139 | 139.00 | 0 | 1 |